Beatles Songs Quiz - 20 Less Guessed Songs - Statistics

General Stats
  • This quiz has been taken 405 times
  • The average score is 7 of 20
Answer Stats
# SONG % Correct
10 Matchbox (14%)
74%
1 Slow Down (10%)
56%
9 Yes it Is (14%)
47%
2 I Call Your Name (10%)
42%
6 Bad Boy (13%)
41%
4 Thank You Girl (12%)
40%
3 I'll Get You (11%)
38%
8 Little Child (13%)
36%
16 She's a Woman (15%)
34%
19 I Don't Want to Spoil the Party (15%)
31%
14 Devil in Her Heart (14%)
30%
20 I'll Cry Instead (15%)
30%
5 Not a Second Time (12%)
28%
12 Every Little Thing (14%)
27%
13 When I Get Home (14%)
27%
17 It's All Too Much (15%)
25%
7 What You're Doing (13%)
25%
11 Tell Me What You See (14%)
20%
18 You Like Me Too Much (15%)
19%
15 You Really Got a Hold on Me (14%)
13%
No matching quizzes found
Score Distribution
Percent of People with Each Score
Percentile by Number Answered
Your Score History
You have not taken this quiz